Pääkaupunkiseudun lähiliikenne - Statistics

General Stats
  • This quiz has been taken 55 times
  • The average score is 24 of 54
Answer Stats
Asema % Correct
Pasila
87%
Helsinki
84%
Kera
81%
Espoo
74%
Leppävaara
74%
Tikkurila
74%
Malmi
71%
Oulunkylä
65%
Huopalahti
61%
Kerava
61%
Myyrmäki
61%
Ilmala
58%
Kilo
58%
Kirkkonummi
58%
Korso
58%
Järvenpää
55%
Lentoasema
52%
Riihimäki
52%
Aviapolis
48%
Hiekkaharju
48%
Käpylä
45%
Kauniainen
45%
Kivistö
45%
Malminkartano
45%
Puistola
45%
Tapanila
45%
Koivukylä
42%
Pitäjänmäki
42%
Ainola
39%
Kannelmäki
39%
Martinlaakso
39%
Pohjois-Haaga
39%
Pukinmäki
39%
Kauklahti
35%
Lahti
35%
Leinelä
35%
Tuomarila
35%
Vantaankoski
35%
Hyvinkää
32%
Rekola
32%
Savio
32%
Koivuhovi
29%
Mäntsälä
29%
Jokela
26%
Mäkkylä
26%
Masala
26%
Valimo
26%
Haarajoki
23%
Saunakallio
23%
Henna
19%
Jorvas
19%
Siuntio
19%
Tolsa
16%
Vehkala
16%
No matching quizzes found
Score Distribution
Percent of People with Each Score
Percentile by Number Answered
Your Score History
You have not taken this quiz